000 00466nam a2200133Ia 4500
008 100415s9999 xx 000 0 und d
082 _b15583
_a639.9
245 _aWildlife Society Bulletin: Un reg - vol.1(1-3), 1973: - vol.18(1-4), 1990
260 _c0
365 _b0
630 _aWildlife Society Bulletin: Un reg - vol.1(1-3), 1973: - vol.18(1-4), 1990
730 _aWildlife Society Bulletin: Un reg - vol.1(1-3), 1973: - vol.18(1-4), 1990
942 _cBOOK
999 _c598481
_d598478